[Event "VIE-chT"]
[Site "Hanoi"]
[Date "2023.04.18"]
[Round "2"]
[White "Nguyen, Huynh Minh Huy"]
[Black "Vo, Hoai Thuong"]
[Result "1-0"]
[WhiteElo "2441"]
[BlackElo "1993"]
[PlyCount "99"]
[EventDate "2023.04.18"]
[EventType "swiss"]
[EventRounds "9"]
[EventCountry "VIE"]
[SourceTitle "EXT 2024"]
[Source "ChessBase"]
[SourceDate "2023.10.10"]
[SourceVersion "1"]
[SourceVersionDate "2023.10.10"]
[SourceQuality "1"]

1. d4 d5 2. Nf3 Nf6 3. e3 c6 4. c4 e6 5. Nc3 Nbd7 6. Qc2 Bd6 7. b3 0-0 8. Be2 b6 9. Bb2 Bb7 10. 0-0 Qe7 11. Rfe1 Rfe8 12. Bf1 Rac8 13. Rac1 a6 14. e4 dxe4 15. Nxe4 Nxe4 16. Qxe4 Nf6 17. Qh4 Ba3 18. Bxa3 Qxa3 19. c5 bxc5 20. dxc5 Qxa2 21. Qb4 Rb8 22. Bc4 Ba8 23. Qc3 Qa3 24. Qe3 Nd5 25. Qd4 Rbd8 26. Ra1 Qb4 27. Ra4 Qb8 28. Qa1 Bb7 29. Nd4 Nc7 30. g3 Rd7 31. Nf3 Nd5 32. Ne5 Rc7 33. Bd3 Nf6 34. Nc4 Rd8 35. Nd6 Ne8 36. Rh4 Nxd6 37. Bxh7+ Kf8 38. cxd6 Rxd6 39. Be4 Rc8 40. Qe5 f6 41. Qh5 f5 42. Qg6 Kg8 43. Rh7 Qc7 44. Qh5 Kf8 45. Bxf5 Qf7 46. Bg6 Qf6 47. Qc5 Ke7 48. Be4 Rcd8 49. Rd1 Bc8 50. Rh8 1-0

[Event "Budapest Aranytiz GM"]
[Site "Budapest"]
[Date "2022.08.27"]
[Round "9"]
[White "Nguyen, Huynh Minh Huy"]
[Black "Krstulovic, Alex"]
[Result "1/2-1/2"]
[WhiteElo "2433"]
[BlackElo "2381"]
[PlyCount "82"]
[EventDate "2022.08.18"]
[EventType "tourn"]
[EventRounds "9"]
[EventCountry "HUN"]
[EventCategory "6"]
[SourceTitle "CBM 209 Extra"]
[Source "ChessBase"]
[SourceDate "2022.09.30"]
[SourceVersion "1"]
[SourceVersionDate "2022.09.30"]
[SourceQuality "1"]

1. d4 Nf6 2. c4 g6 3. Nc3 d5 4. Nf3 Bg7 5. Bf4 0-0 6. Rc1 Be6 7. Ng5 c5 8. Nxe6 fxe6 9. e3 Nc6 10. cxd5 exd5 11. dxc5 e5 12. Bg5 d4 13. Bc4+ Kh8 14. exd4 exd4 15. Ne2 Qa5+ 16. Bd2 Qxc5 17. 0-0 Qb6 18. Nf4 Ne5 19. Bb3 Rae8 20. h3 Qd6 21. Re1 g5 22. Nh5 Nd3 23. Rxe8 Nxe8 24. Rc8 Nxf2 25. Qe1 Be5 26. Nf4 gxf4 27. Qxf2 Qd7 28. Ra8 Qg7 29. Qf3 Nd6 30. Rxf8+ Qxf8 31. Qd5 Qe8 32. Bb4 Nf5 33. Qxb7 d3 34. Qd5 Nd4 35. Bd6 Bxd6 36. Qxd4+ Qe5 37. Qxe5+ Bxe5 38. Kf1 Bxb2 39. Bc4 d2 40. Ke2 Bc1 41. Kd1 Kg7 1/2-1/2

[Event "Budapest Aranytiz GM"]
[Site "Budapest"]
[Date "2022.08.22"]
[Round "4"]
[White "Ongut, Tamas Gunes"]
[Black "Nguyen, Huynh Minh Huy"]
[Result "0-1"]
[WhiteElo "2303"]
[BlackElo "2433"]
[PlyCount "50"]
[EventDate "2022.08.18"]
[EventType "tourn"]
[EventRounds "9"]
[EventCountry "HUN"]
[EventCategory "6"]
[SourceTitle "CBM 209 Extra"]
[Source "ChessBase"]
[SourceDate "2022.09.30"]
[SourceVersion "1"]
[SourceVersionDate "2022.09.30"]
[SourceQuality "1"]

1. e4 c5 2. Nc3 Nc6 3. f4 g6 4. Nf3 Bg7 5. Bb5 Nd4 6. Bc4 e6 7. a4 Ne7 8. d3 0-0 9. 0-0 d5 10. Ba2 b6 11. f5 dxe4 12. dxe4 exf5 13. Nd5 h6 14. Nxd4 cxd4 15. Nxe7+ Qxe7 16. Bd5 Ba6 17. Bxa8 Rxa8 18. Re1 fxe4 19. a5 b5 20. c3 dxc3 21. bxc3 b4 22. Qb3 Rc8 23. Qb1 Bxc3 24. Rxe4 Qd8 25. Bf4 Bd3 0-1

[Event "Budapest Aranytiz GM"]
[Site "Budapest"]
[Date "2022.08.21"]
[Round "3"]
[White "Nguyen, Huynh Minh Huy"]
[Black "Horvath, Adam"]
[Result "1/2-1/2"]
[WhiteElo "2433"]
[BlackElo "2520"]
[PlyCount "23"]
[EventDate "2022.08.18"]
[EventType "tourn"]
[EventRounds "9"]
[EventCountry "HUN"]
[EventCategory "6"]
[SourceTitle "CBM 209 Extra"]
[Source "ChessBase"]
[SourceDate "2022.09.30"]
[SourceVersion "1"]
[SourceVersionDate "2022.09.30"]
[SourceQuality "1"]

1. d4 Nf6 2. c4 e6 3. Nc3 Bb4 4. Qc2 c5 5. dxc5 Bxc5 6. Nf3 a6 7. e3 b6 8. b3 Bb7 9. Bb2 Be7 10. Be2 0-0 11. 0-0 d6 12. Nd4 1/2-1/2

[Event "Budapest FS07 GM"]
[Site "Budapest"]
[Date "2022.07.08"]
[Round "6"]
[White "Royal, Shreyas"]
[Black "Nguyen, Huynh Minh Huy"]
[Result "0-1"]
[WhiteElo "2354"]
[BlackElo "2433"]
[PlyCount "70"]
[EventDate "2022.07.02"]
[EventType "tourn"]
[EventRounds "9"]
[EventCountry "HUN"]
[EventCategory "6"]
[SourceTitle "EXT 2023"]
[Source "ChessBase"]
[SourceDate "2022.10.05"]
[SourceVersion "1"]
[SourceVersionDate "2022.10.05"]
[SourceQuality "1"]

1. d4 d5 2. c4 c6 3. Nf3 Nf6 4. Nc3 dxc4 5. a4 e6 6. e3 c5 7. Bxc4 Nc6 8. 0-0 cxd4 9. exd4 Be7 10. Qe2 0-0 11. Rd1 Nb4 12. Bg5 h6 13. Bxf6 Bxf6 14. Ne4 b6 15. Ne5 Bh4 16. Ra3 Bb7 17. Qg4 Bd5 18. Bxd5 Nxd5 19. Rf3 f5 20. Qg6 Bf6 21. Ng5 hxg5 22. Rh3 Bxe5 23. Qxe6+ Rf7 24. dxe5 Nf4 25. Rxd8+ Rxd8 26. Qb3 Nxh3+ 27. gxh3 Re8 28. Qd5 f4 29. Kg2 f3+ 30. Kg3 g6 31. e6 Rf6 32. Qd7 Rexe6 33. Qxa7 Re1 34. Qa8+ Kg7 35. Qb7+ Rf7 0-1

[Event "Budapest Vezerkepzo GM Mix"]
[Site "Budapest"]
[Date "2021.09.22"]
[Round "9"]
[White "Nguyen, Huynh Minh Huy"]
[Black "Siddharth, Jagadeesh"]
[Result "1/2-1/2"]
[WhiteElo "2419"]
[BlackElo "2331"]
[PlyCount "63"]
[EventDate "2021.09.15"]
[EventType "swiss"]
[EventRounds "10"]
[EventCountry "HUN"]
[SourceTitle "EXT 2022"]
[Source "ChessBase"]
[SourceDate "2021.10.06"]
[SourceVersion "1"]
[SourceVersionDate "2021.10.06"]
[SourceQuality "1"]

1. d4 Nf6 2. Nf3 d5 3. g3 c6 4. Bg2 Bf5 5. 0-0 h6 6. c4 e6 7. Nc3 Nbd7 8. Nd2 Be7 9. e4 dxe4 10. Ndxe4 Nxe4 11. Nxe4 0-0 12. Be3 Nf6 13. Nxf6+ Bxf6 14. Qb3 Qe7 15. d5 exd5 16. cxd5 cxd5 17. Qxd5 Be6 18. Qb5 Rac8 19. Rac1 b6 20. a4 Bd7 21. Qa6 Bf5 22. Qb5 Qd7 23. Qxd7 Bxd7 24. b3 Bg4 25. h3 Bf5 26. Rfd1 Rxc1 27. Rxc1 Rc8 28. Rxc8+ Bxc8 29. h4 Be6 30. b4 Bc3 31. a5 bxa5 32. b5 1/2-1/2

[Event "Budapest FS08 GM"]
[Site "Budapest"]
[Date "2021.08.10"]
[Round "4"]
[White "Nguyen, Huynh Minh Huy"]
[Black "Shahil, Dey"]
[Result "1-0"]
[WhiteElo "2420"]
[BlackElo "2414"]
[PlyCount "63"]
[EventDate "2021.08.07"]
[EventType "tourn"]
[EventRounds "9"]
[EventCountry "HUN"]
[EventCategory "6"]
[SourceTitle "EXT 2022"]
[Source "ChessBase"]
[SourceDate "2021.10.06"]
[SourceVersion "1"]
[SourceVersionDate "2021.10.06"]
[SourceQuality "1"]

1. d4 Nf6 2. c4 e6 3. g3 d5 4. Bg2 c6 5. Qc2 Nbd7 6. Nf3 b6 7. 0-0 Ba6 8. b3 Rc8 9. Rd1 c5 10. Nc3 cxd4 11. Nxd4 e5 12. Nf3 Bb7 13. Ne1 e4 14. Bb2 Bb4 15. a3 Bxc3 16. Qxc3 0-0 17. Bh3 Rc5 18. Ng2 Re8 19. Ne3 Ne5 20. Qd2 Qa8 21. Bd4 Rc7 22. Qb2 Rce7 23. Nf5 Qb8 24. Nxe7+ Rxe7 25. cxd5 Bxd5 26. Rac1 Bb7 27. Bxe5 Rxe5 28. Qxe5 Qxe5 29. Rd8+ Qe8 30. Rxe8+ Nxe8 31. Bd7 Nd6 32. Rd1 1-0

[Event "Budapest FS08 GM"]
[Site "Budapest"]
[Date "2021.08.09"]
[Round "3"]
[White "Nguyen, Huynh Minh Huy"]
[Black "Lu, Maximillian"]
[Result "0-1"]
[WhiteElo "2420"]
[BlackElo "2386"]
[PlyCount "106"]
[EventDate "2021.08.07"]
[EventType "tourn"]
[EventRounds "9"]
[EventCountry "HUN"]
[EventCategory "6"]
[SourceTitle "EXT 2022"]
[Source "ChessBase"]
[SourceDate "2021.10.06"]
[SourceVersion "1"]
[SourceVersionDate "2021.10.06"]
[SourceQuality "1"]

1. d4 Nf6 2. Nf3 Nc6 3. c4 e6 4. Nc3 Bb4 5. Qc2 d6 6. Bd2 e5 7. a3 Bxc3 8. Bxc3 Qe7 9. d5 Nb8 10. g3 a5 11. b3 0-0 12. Bg2 Nh5 13. Nd2 f5 14. h3 Bd7 15. Bf3 Nf6 16. e4 fxe4 17. Nxe4 Nxd5 18. Ng5 e4 19. Qxe4 Qxe4+ 20. Bxe4 Nxc3 21. Bxh7+ Kh8 22. Kd2 Bf5 23. Bxf5 Rxf5 24. f4 Rxg5 25. fxg5 Ne4+ 26. Kc2 Nxg5 27. Rae1 Nc6 28. Rhf1 Kg8 29. h4 Nf3 30. Re4 Nfe5 31. Kc3 b6 32. Rf2 Nd8 33. Rf1 Ne6 34. Re3 Kh7 35. Re4 Kg6 36. Rf2 Rh8 37. Re1 Nc5 38. Rff1 Rh5 39. b4 axb4+ 40. axb4 Ne6 41. Ra1 Rf5 42. Rxf5 Kxf5 43. Ra8 Nf3 44. Re8 Nfd4 45. Kd3 Kg4 46. Re7 g6 47. Re8 Kxg3 48. Rg8 Kxh4 49. Rxg6 Nf4+ 50. Kxd4 Nxg6 51. Kd5 Ne5 52. c5 bxc5 53. bxc5 Nf7 0-1

[Event "Budapest FS08 GM"]
[Site "Budapest"]
[Date "2021.08.08"]
[Round "2"]
[White "Ajay, Karthikeyan"]
[Black "Nguyen, Huynh Minh Huy"]
[Result "1-0"]
[WhiteElo "2426"]
[BlackElo "2420"]
[PlyCount "79"]
[EventDate "2021.08.07"]
[EventType "tourn"]
[EventRounds "9"]
[EventCountry "HUN"]
[EventCategory "6"]
[SourceTitle "EXT 2022"]
[Source "ChessBase"]
[SourceDate "2021.10.06"]
[SourceVersion "1"]
[SourceVersionDate "2021.10.06"]
[SourceQuality "1"]

1. e4 c5 2. Nf3 d6 3. d4 cxd4 4. Nxd4 Nf6 5. Nc3 Nc6 6. Bg5 e6 7. Qd3 a6 8. Nxc6 bxc6 9. 0-0-0 Be7 10. Be2 0-0 11. h4 Rb8 12. f4 d5 13. b3 Nd7 14. Qg3 Kh8 15. f5 f6 16. fxe6 fxg5 17. hxg5 Bxg5+ 18. Kb1 Bf4 19. Qh3 h6 20. exd7 Bxd7 21. Bg4 Bxg4 22. Qxg4 Qa5 23. Ne2 Be5 24. Rh5 Rbe8 25. exd5 cxd5 26. g3 Qc7 27. Qg6 Re7 28. Rdh1 Rf6 29. Rxh6+ gxh6 30. Rxh6+ Rh7 31. Rxh7+ Qxh7 32. Qe8+ Kg7 33. Qe7+ Kg8 34. Qxe5 Qf5 35. Qe8+ Kh7 36. Nf4 Rf7 37. Qc6 Rf6 38. Qb7+ Kh6 39. Qxd5 Qxd5 40. Nxd5 1-0

[Event "Budapest Vezerkepzo GM 7th"]
[Site "Budapest"]
[Date "2021.07.31"]
[Round "3"]
[White "Horvath, Adam"]
[Black "Nguyen, Huynh Minh Huy"]
[Result "1-0"]
[WhiteElo "2494"]
[BlackElo "2420"]
[PlyCount "69"]
[EventDate "2021.07.29"]
[EventType "tourn"]
[EventRounds "9"]
[EventCountry "HUN"]
[EventCategory "6"]
[SourceTitle "CBM 203 Extra"]
[Source "ChessBase"]
[SourceDate "2021.09.30"]
[SourceVersion "1"]
[SourceVersionDate "2021.09.30"]
[SourceQuality "1"]

1. e4 c5 2. Nf3 d6 3. d4 cxd4 4. Nxd4 Nf6 5. Nc3 a6 6. Be3 e6 7. Qd2 b5 8. f3 b4 9. Na4 Nbd7 10. 0-0-0 Qa5 11. b3 Bb7 12. a3 Qc7 13. axb4 d5 14. Bf2 dxe4 15. Bg3 e5 16. Bc4 Bd5 17. Bxd5 Nxd5 18. Nb5 axb5 19. Qxd5 Rc8 20. Qxd7+ Qxd7 21. Rxd7 bxa4 22. Rb7 axb3 23. c3 exf3 24. Bxe5 f6 25. Bd4 Bd6 26. Re1+ Be5 27. Bxe5 fxe5 28. Rxe5+ Kd8 29. Rd5+ Ke8 30. Re5+ Kd8 31. Kb2 Rf8 32. Rd5+ Ke8 33. Re5+ Kd8 34. Ree7 Rc6 35. gxf3 1-0

[Event "Budapest Vezerkepzo GM 7th"]
[Site "Budapest"]
[Date "2021.07.30"]
[Round "2"]
[White "Nguyen, Huynh Minh Huy"]
[Black "Krstulovic, Alex"]
[Result "1/2-1/2"]
[WhiteElo "2420"]
[BlackElo "2353"]
[PlyCount "50"]
[EventDate "2021.07.29"]
[EventType "tourn"]
[EventRounds "9"]
[EventCountry "HUN"]
[EventCategory "6"]
[SourceTitle "CBM 203 Extra"]
[Source "ChessBase"]
[SourceDate "2021.09.30"]
[SourceVersion "1"]
[SourceVersionDate "2021.09.30"]
[SourceQuality "1"]

1. d4 Nf6 2. Nf3 g6 3. g3 Bg7 4. Bg2 0-0 5. 0-0 d5 6. b3 c5 7. Bb2 Nc6 8. dxc5 Qa5 9. Nd4 Qxc5 10. Nxc6 bxc6 11. e3 Ba6 12. Re1 Qa5 13. Nd2 Rfd8 14. Qc1 Nh5 15. Bxg7 Nxg7 16. c4 Ne6 17. a3 Rab8 18. b4 Qa4 19. Qc3 dxc4 20. Nxc4 c5 21. Ne5 Rbc8 22. bxc5 Rxc5 23. Qb4 Qe8 24. Nf3 Rb8 25. Qd2 Qa4 1/2-1/2